[Event "Arvier Grand Paradis op-A 4th"]
[Site "Arvier"]
[Date "2017.08.03"]
[Round "5.4"]
[White "Ridolfo, Enrico"]
[Black "Ferretti, Folco"]
[Result "0-1"]
[WhiteElo "2061"]
[BlackElo "2229"]
[PlyCount "106"]
[EventDate "2017.07.30"]
[EventType "swiss"]
[EventRounds "7"]
[EventCountry "ITA"]
[SourceTitle "EXT 2023"]
[Source "ChessBase"]
[SourceDate "2022.10.05"]
[SourceVersion "1"]
[SourceVersionDate "2022.10.05"]
[SourceQuality "1"]

1. e4 d5 2. Nc3 dxe4 3. Nxe4 Bf5 4. Ng3 Bg6 5. Nf3 e6 6. h4 h6 7. Ne5 Ne7 8. d4 Nd7 9. Nxg6 Nxg6 10. h5 Ne7 11. Qf3 Nc6 12. c3 Nf6 13. Bf4 Bd6 14. Bb5 Bxf4 15. Bxc6+ bxc6 16. Qxf4 Rb8 17. b3 Qd6 18. Qf3 c5 19. Rd1 cxd4 20. Rxd4 Qe5+ 21. Qe2 Qa5 22. Qd2 0-0 23. b4 Qe5+ 24. Qe2 Qxe2+ 25. Kxe2 c5 26. Rc4 Rfc8 27. Rd1 cxb4 28. Rxc8+ Rxc8 29. cxb4 Nd5 30. Rd2 Nxb4 31. Ne4 Nd5 32. g4 Kf8 33. Rb2 Nb6 34. f4 Ke7 35. Kf3 Rc4 36. Rb5 Ra4 37. Nc3 Ra3 38. Rb3 Rxb3 39. axb3 Nd5 40. Nb5 a6 41. Nd4 Kf6 42. Ke4 Nxf4 43. Nc6 Nd5 44. Nb8 Nb4 45. Kd4 Kg5 46. Kc4 a5 47. Kb5 Kxg4 48. Kxa5 Nd5 49. b4 f5 50. b5 f4 51. Nc6 f3 52. Nb4 Nxb4 53. b6 f2 0-1

[Event "Arvier Grand Paradis op-A 4th"]
[Site "Arvier"]
[Date "2017.07.31"]
[Round "2.1"]
[White "Ferretti, Folco"]
[Black "Ustianovich, Nazar"]
[Result "0-1"]
[WhiteElo "2370"]
[BlackElo "2229"]
[PlyCount "56"]
[EventDate "2017.07.30"]
[EventType "swiss"]
[EventRounds "7"]
[EventCountry "ITA"]
[SourceTitle "EXT 2023"]
[Source "ChessBase"]
[SourceDate "2022.10.05"]
[SourceVersion "1"]
[SourceVersionDate "2022.10.05"]
[SourceQuality "1"]

1. e4 c6 2. d4 d5 3. f3 dxe4 4. fxe4 e5 5. Nf3 exd4 6. Bc4 Nf6 7. e5 Nd5 8. Qxd4 Be7 9. Qe4 Na6 10. 0-0 Nc5 11. Qe2 0-0 12. Rd1 Qb6 13. Kh1 Be6 14. Nd4 Rad8 15. Nxe6 Nxe6 16. Bxd5 cxd5 17. Nd2 Rd7 18. Nf3 Rfd8 19. b3 d4 20. Qf2 Nc5 21. Qe2 d3 22. cxd3 Nxd3 23. Rf1 Qg6 24. Bd2 h6 25. g3 Qc6 26. Qg2 Bc5 27. Be1 Qe4 28. Rc1 Nxc1 0-1

[Event "EU-Cup 32nd"]
[Site "Novi Sad"]
[Date "2016.11.11"]
[Round "6.2"]
[White "Hauge, Lars Oskar"]
[Black "Ferretti, Folco"]
[Result "1-0"]
[WhiteElo "2415"]
[BlackElo "2232"]
[PlyCount "49"]
[EventDate "2016.11.06"]
[EventType "team-swiss"]
[EventRounds "7"]
[EventCountry "SRB"]
[SourceTitle "CBM 176"]
[Source "ChessBase"]
[SourceDate "2017.01.17"]
[SourceVersion "1"]
[SourceVersionDate "2017.01.17"]
[SourceQuality "1"]
[WhiteTeam "Oslo Schakselskap"]
[BlackTeam "Rome Steinitz"]
[WhiteTeamCountry "NOR"]
[BlackTeamCountry "ITA"]

1. e4 d6 2. d4 Nf6 3. Nc3 e5 4. Nf3 Nbd7 5. g4 h6 6. g5 hxg5 7. Bxg5 c6 8. Qd2 Qc7 9. a4 Be7 10. Bc4 exd4 11. Nxd4 Nc5 12. f3 Rh5 13. Be3 d5 14. exd5 Nxd5 15. Bxd5 cxd5 16. 0-0-0 Bd7 17. Rhe1 0-0-0 18. Kb1 Rxh2 19. Nde2 Qc6 20. Bf4 Rhh8 21. Nd4 Qa6 22. Rxe7 Nxa4 23. Nxa4 Qxa4 24. Qc3+ Qc4 25. Nb5 1-0

[Event "Omegna op 4th"]
[Site "Omegna"]
[Date "2016.08.07"]
[Round "5"]
[White "Ferretti, Folco"]
[Black "Montilli, Vincenzo"]
[Result "1/2-1/2"]
[WhiteElo "2223"]
[BlackElo "2270"]
[PlyCount "24"]
[EventDate "2016.08.05"]
[EventType "swiss"]
[EventRounds "5"]
[EventCountry "ITA"]
[SourceTitle "EXT 2018"]
[Source "ChessBase"]
[SourceDate "2017.10.13"]
[SourceVersion "1"]
[SourceVersionDate "2017.10.13"]
[SourceQuality "1"]

1. Nf3 Nf6 2. c4 c5 3. d4 cxd4 4. Nxd4 Nc6 5. Nc3 g6 6. e4 d6 7. Nc2 Bg7 8. Be2 0-0 9. 0-0 Nd7 10. Bd2 Nc5 11. f3 a5 12. Be3 Bd7 1/2-1/2

[Event "Omegna op 4th"]
[Site "Omegna"]
[Date "2016.08.06"]
[Round "2"]
[White "Tolibayev, Timur"]
[Black "Ferretti, Folco"]
[Result "0-1"]
[WhiteElo "2096"]
[BlackElo "2223"]
[PlyCount "34"]
[EventDate "2016.08.05"]
[EventType "swiss"]
[EventRounds "5"]
[EventCountry "ITA"]
[SourceTitle "EXT 2018"]
[Source "ChessBase"]
[SourceDate "2017.10.13"]
[SourceVersion "1"]
[SourceVersionDate "2017.10.13"]
[SourceQuality "1"]

1. d4 Nf6 2. c4 e6 3. Nc3 Bb4 4. e3 b6 5. Nge2 Ba6 6. Ng3 Bxc3+ 7. bxc3 d5 8. Ba3 dxc4 9. e4 c5 10. e5 Nd5 11. Qg4 0-0 12. dxc5 f5 13. exf6 Qxf6 14. Qd4 Qxd4 15. cxd4 b5 16. Ne2 Nc6 17. Bc1 Ncb4 0-1

[Event "Bratto op 35th"]
[Site "Bratto"]
[Date "2015.08.30"]
[Round "9"]
[White "Ferretti, Folco"]
[Black "Cattaneo, Marco"]
[Result "0-1"]
[WhiteElo "2211"]
[BlackElo "2175"]
[PlyCount "64"]
[EventDate "2015.08.22"]
[EventType "swiss"]
[EventRounds "9"]
[EventCountry "ITA"]
[SourceTitle "EXT 2017"]
[Source "ChessBase"]
[SourceDate "2016.10.25"]
[SourceVersion "1"]
[SourceVersionDate "2016.10.25"]
[SourceQuality "1"]

1. Nf3 Nf6 2. d4 g6 3. Nc3 d5 4. Bf4 Bg7 5. e3 b6 6. Be2 Bb7 7. Ne5 a6 8. Bf3 Nbd7 9. Qd2 Ne4 10. Bxe4 dxe4 11. Nxd7 Qxd7 12. Rd1 0-0-0 13. Qe2 Qf5 14. Qc4 Rd7 15. h3 h5 16. Bh2 e6 17. Rd2 g5 18. Kd1 h4 19. Qe2 Rhd8 20. Kc1 Qa5 21. Rdd1 b5 22. a3 Bf8 23. Nb1 Bd5 24. Qd2 Qb6 25. Qe2 Kb7 26. Nd2 Qa5 27. f3 Bxa3 28. Nxe4 Bc4 29. Qe1 Bb4 30. c3 Qa1+ 31. Kc2 Bb3+ 32. Kd3 Qxb2 0-1

[Event "Bratto op 35th"]
[Site "Bratto"]
[Date "2015.08.24"]
[Round "3"]
[White "Ferretti, Folco"]
[Black "Gennari, Jacopo"]
[Result "1-0"]
[WhiteElo "2211"]
[BlackElo "2125"]
[PlyCount "49"]
[EventDate "2015.08.22"]
[EventType "swiss"]
[EventRounds "9"]
[EventCountry "ITA"]
[SourceTitle "EXT 2016"]
[Source "ChessBase"]
[SourceDate "2015.10.08"]
[SourceVersion "1"]
[SourceVersionDate "2015.10.08"]
[SourceQuality "1"]

1. e4 d5 2. exd5 Nf6 3. d4 Nxd5 4. Nf3 Bg4 5. Be2 e6 6. c4 Nb6 7. Nc3 Be7 8. Be3 c6 9. Qb3 N8d7 10. c5 Nd5 11. Qxb7 Rb8 12. Qxc6 Nb4 13. Qa4 Bxf3 14. gxf3 0-0 15. 0-0 f5 16. Bb5 f4 17. Bxd7 fxe3 18. Bxe6+ Kh8 19. fxe3 Bh4 20. Ne4 Re8 21. Qd7 Qa5 22. Nd6 Re7 23. Nf7+ Kg8 24. Ng5+ Rxe6 25. Qxe6+ 1-0

[Event "Campobasso op 21st"]
[Site "Campobasso"]
[Date "2014.07.19"]
[Round "4"]
[White "Laketic, Gojko"]
[Black "Ferretti, Folco"]
[Result "1-0"]
[WhiteElo "2417"]
[BlackElo "2275"]
[PlyCount "90"]
[EventDate "2014.07.18"]
[EventType "swiss"]
[EventRounds "6"]
[EventCountry "ITA"]
[SourceTitle "EXT 2016"]
[Source "ChessBase"]
[SourceDate "2015.10.08"]
[SourceVersion "1"]
[SourceVersionDate "2015.10.08"]
[SourceQuality "1"]

1. d4 Nf6 2. c4 e6 3. g3 c5 4. d5 exd5 5. cxd5 b5 6. Bg2 d6 7. e4 g6 8. Nd2 Bg7 9. Ngf3 0-0 10. 0-0 Nbd7 11. a4 b4 12. Re1 Ba6 13. Bf1 Bxf1 14. Kxf1 Ng4 15. Qe2 f5 16. exf5 Rxf5 17. Qe6+ Kh8 18. h3 Nge5 19. Nxe5 Nxe5 20. Ne4 Qf8 21. Re2 Nd3 22. Qxd6 Qxd6 23. Nxd6 Rxd5 24. Nc4 Ne5 25. Nxe5 Bxe5 26. Bh6 Kg8 27. Rc1 Bd4 28. Be3 Re8 29. Rc4 Kf7 30. Rd2 Red8 31. Bxd4 Rxd4 32. Rdxd4 Rxd4 33. Rxd4 cxd4 34. Ke2 Ke6 35. Kd3 Kd5 36. f4 b3 37. g4 Kc5 38. Ke4 Kc4 39. f5 gxf5+ 40. gxf5 d3 41. Ke3 Kd5 42. Kxd3 Ke5 43. Kc3 Kxf5 44. Kxb3 h5 45. Kc4 h4 1-0

[Event "Montesilvano Adriatico op 3rd"]
[Site "Montesilvano"]
[Date "2013.09.22"]
[Round "5"]
[White "Ferretti, Folco"]
[Black "Gilevich, Artem"]
[Result "1/2-1/2"]
[WhiteElo "2278"]
[BlackElo "2349"]
[PlyCount "22"]
[EventDate "2013.09.20"]
[EventType "swiss"]
[EventRounds "5"]
[EventCountry "ITA"]
[SourceTitle "EXT 2015"]
[Source "ChessBase"]
[SourceDate "2014.11.20"]
[SourceVersion "1"]
[SourceVersionDate "2014.11.20"]
[SourceQuality "1"]

1. e4 e6 2. d4 d5 3. Nd2 Nc6 4. Ngf3 Nf6 5. e5 Nd7 6. c3 f6 7. exf6 Nxf6 8. Bd3 Bd6 9. 0-0 0-0 10. Re1 Nh5 11. Ne5 Nf4 1/2-1/2

[Event "Montesilvano Adriatico op 3rd"]
[Site "Montesilvano"]
[Date "2013.09.21"]
[Round "3"]
[White "Ferretti, Folco"]
[Black "Quimi, Marco"]
[Result "1-0"]
[WhiteElo "2278"]
[BlackElo "2169"]
[PlyCount "99"]
[EventDate "2013.09.20"]
[EventType "swiss"]
[EventRounds "5"]
[EventCountry "ITA"]
[SourceTitle "EXT 2015"]
[Source "ChessBase"]
[SourceDate "2014.11.20"]
[SourceVersion "1"]
[SourceVersionDate "2014.11.20"]
[SourceQuality "1"]

1. d4 Nf6 2. c4 d6 3. Nc3 Nbd7 4. Nf3 c6 5. e4 e5 6. Be2 Be7 7. 0-0 0-0 8. Re1 Re8 9. Bf1 Bf8 10. d5 a5 11. Rb1 Nc5 12. h3 h6 13. b3 Bd7 14. a3 cxd5 15. cxd5 Rc8 16. b4 Na6 17. Qb3 axb4 18. axb4 Nh5 19. Be3 Qf6 20. Nd2 Nf4 21. Kh2 Qg6 22. Nc4 Nc7 23. Nb6 Rcd8 24. Nxd7 Rxd7 25. g3 Nh5 26. Ra1 Be7 27. Ra7 Rb8 28. Qc4 Nf6 29. Rea1 Bd8 30. Bg2 Nh7 31. b5 Nf8 32. h4 Ne8 33. b6 Nf6 34. f3 Nh5 35. Ne2 Qf6 36. Ra8 Rxa8 37. Rxa8 Be7 38. Rb8 g5 39. hxg5 hxg5 40. Qc8 Kg7 41. Rxb7 Rxb7 42. Qxb7 g4 43. fxg4 Nf4 44. gxf4 Qh4+ 45. Bh3 Qe1 46. Ng3 exf4 47. Nf5+ Kg6 48. Qxe7 fxe3 49. Qxf8 Qf2+ 50. Bg2 1-0

[Event "Montesilvano Adriatico op 2nd"]
[Site "Montesilvano"]
[Date "2013.03.03"]
[Round "5"]
[White "Ferretti, Folco"]
[Black "Capone, Vincenzo"]
[Result "1-0"]
[WhiteElo "2269"]
[BlackElo "2185"]
[PlyCount "51"]
[EventDate "2013.03.01"]
[EventType "swiss"]
[EventRounds "5"]
[EventCountry "ITA"]
[SourceTitle "CBM 153 Extra"]
[Source "ChessBase"]
[SourceDate "2013.04.22"]
[SourceVersion "1"]
[SourceVersionDate "2013.04.22"]
[SourceQuality "1"]

1. e4 c5 2. Nc3 Nc6 3. g3 g6 4. Bg2 Bg7 5. d3 d6 6. Be3 Nf6 7. h3 0-0 8. Nge2 Nd7 9. 0-0 Rb8 10. Qd2 Nd4 11. Rae1 b5 12. Nd1 Nxe2+ 13. Rxe2 Re8 14. Bh6 Bh8 15. f4 Qb6 16. f5 c4+ 17. Ref2 Bd4 18. Be3 Ne5 19. dxc4 Bxe3 20. Nxe3 Nxc4 21. Nxc4 bxc4 22. Kh2 Qxb2 23. fxg6 fxg6 24. Qd5+ e6 25. Qxd6 Qb4 26. Rf8+ 1-0

[Event "Rocca Priora op 6th"]
[Site "Rocca Priora"]
[Date "2012.08.15"]
[Round "7"]
[White "Caprio, Guido"]
[Black "Ferretti, Folco"]
[Result "1-0"]
[WhiteElo "2427"]
[BlackElo "2264"]
[PlyCount "77"]
[EventDate "2012.08.11"]
[EventType "swiss"]
[EventRounds "7"]
[EventCountry "ITA"]
[SourceTitle "EXT 2014"]
[Source "ChessBase"]
[SourceDate "2013.11.20"]
[SourceVersion "1"]
[SourceVersionDate "2013.11.20"]
[SourceQuality "1"]

1. c4 c5 2. Nf3 Nf6 3. Nc3 Nc6 4. g3 d5 5. d4 e6 6. cxd5 Nxd5 7. Bg2 cxd4 8. Nxd4 Nxc3 9. bxc3 Bd7 10. 0-0 Bc5 11. Be3 Bb6 12. c4 0-0 13. c5 Bc7 14. Rb1 e5 15. Nxc6 Bxc6 16. Bxc6 bxc6 17. Qa4 f5 18. Qxc6 Rf6 19. Qb7 f4 20. Rfd1 Qc8 21. Qd5+ Kh8 22. Bd2 Qe8 23. Bc3 Rc8 24. Qd7 Qf8 25. c6 fxg3 26. hxg3 Rf7 27. Bb4 Qg8 28. Qd5 Bb6 29. Bc5 Bxc5 30. Qxc5 Qe8 31. Rd6 Rfc7 32. Rc1 h6 33. Qd5 Kh7 34. Re6 Re7 35. Rd6 e4 36. e3 Re5 37. Qd4 Qh5 38. c7 Qf5 39. Rd7 1-0

[Event "Rocca Priora op 6th"]
[Site "Rocca Priora"]
[Date "2012.08.12"]
[Round "2"]
[White "Macchini, Bruno"]
[Black "Ferretti, Folco"]
[Result "0-1"]
[WhiteElo "1894"]
[BlackElo "2264"]
[PlyCount "56"]
[EventDate "2012.08.11"]
[EventType "swiss"]
[EventRounds "7"]
[EventCountry "ITA"]
[SourceTitle "EXT 2014"]
[Source "ChessBase"]
[SourceDate "2013.11.20"]
[SourceVersion "1"]
[SourceVersionDate "2013.11.20"]
[SourceQuality "1"]

1. e4 d6 2. d4 Nf6 3. Nc3 e5 4. dxe5 dxe5 5. Qxd8+ Kxd8 6. Bg5 Be6 7. Nf3 Nbd7 8. 0-0-0 Kc8 9. Bxf6 gxf6 10. Nd5 c6 11. Ne3 Nc5 12. Nd2 b5 13. Kb1 Bh6 14. Be2 Kc7 15. Bf3 Rhg8 16. Nf5 Bxf5 17. exf5 Bxd2 18. Rxd2 e4 19. Bh5 Rxg2 20. Re2 Rag8 21. Bxf7 Rxh2 22. Rhe1 Rgg2 23. c4 Rxf2 24. Rxf2 Rxf2 25. b4 Na4 26. cxb5 Nc3+ 27. Ka1 Rxf5 28. bxc6 Rf2 0-1

[Event "Bergamo op 11th"]
[Site "Bergamo"]
[Date "2012.07.13"]
[Round "1"]
[White "De Palma, Fabrizio"]
[Black "Ferretti, Folco"]
[Result "1-0"]
[WhiteElo "2084"]
[BlackElo "2283"]
[PlyCount "73"]
[EventDate "2012.07.13"]
[EventType "swiss"]
[EventRounds "6"]
[EventCountry "ITA"]
[SourceTitle "EXT 2014"]
[Source "ChessBase"]
[SourceDate "2013.11.20"]
[SourceVersion "1"]
[SourceVersionDate "2013.11.20"]
[SourceQuality "1"]

1. d4 Nf6 2. Nf3 e6 3. c4 b6 4. g3 Ba6 5. Qc2 c5 6. d5 exd5 7. cxd5 Bb7 8. Bg2 Bxd5 9. Nc3 Bc6 10. 0-0 Be7 11. Rd1 Qc7 12. Bg5 h6 13. Bxf6 Bxf6 14. Nd5 Bxd5 15. Rxd5 0-0 16. Rad1 Rd8 17. Nd2 Nc6 18. Ne4 Bd4 19. a3 g6 20. e3 Bg7 21. Nd6 a6 22. R5d2 f5 23. Bd5+ Kh8 24. Nf7+ Kh7 25. Nxd8 Rxd8 26. Bxc6 Qxc6 27. Rd6 Qb5 28. b3 h5 29. a4 Qb4 30. Rxd7 Rxd7 31. Rxd7 Kh6 32. Qc4 Qe1+ 33. Kg2 Qa1 34. Qxa6 Qf6 35. Qd3 h4 36. Qd6 Qb2 37. Qf4+ 1-0

[Event "Bergamo op 11th"]
[Site "Bergamo"]
[Date "2012.07.13"]
[Round "2"]
[White "Ferretti, Folco"]
[Black "Brunello, Sabino"]
[Result "0-1"]
[WhiteElo "2283"]
[BlackElo "2586"]
[PlyCount "112"]
[EventDate "2012.07.13"]
[EventType "swiss"]
[EventRounds "6"]
[EventCountry "ITA"]
[SourceTitle "CBM 149 Extra"]
[Source "ChessBase"]
[SourceDate "2012.08.24"]
[SourceVersion "1"]
[SourceVersionDate "2012.08.24"]
[SourceQuality "1"]

1. e4 c5 2. Nc3 Nc6 3. g3 g6 4. Bg2 Bg7 5. d3 e6 6. Be3 Nd4 7. Nce2 Nxe2 8. Nxe2 b6 9. d4 Ba6 10. c3 cxd4 11. cxd4 Ne7 12. 0-0 0-0 13. Re1 d5 14. e5 Qd7 15. f4 f6 16. g4 Rac8 17. Ng3 fxe5 18. fxe5 Nc6 19. Qd2 Qe7 20. Bf1 Bxf1 21. Rxf1 Qh4 22. Qe2 Bh6 23. Bxh6 Qxh6 24. Rad1 Rxf1+ 25. Rxf1 Rf8 26. Rxf8+ Qxf8 27. Qd2 Qb4 28. Qxb4 Nxb4 29. a4 Nd3 30. b3 Nc1 31. b4 Na2 32. b5 Nc3 33. Kf2 Nxa4 34. Ne2 g5 35. Ke3 Nb2 36. Nc3 Kf7 37. Kd2 Nc4+ 38. Kd3 Na3 39. h3 Ke7 40. Kd2 Kd7 41. Kd3 Kc7 42. Kd2 Kc8 43. Kd3 Kb7 44. Kd2 Kb8 45. Kd3 Kc8 46. Kd2 Kb7 47. Kd3 h6 48. Kd2 a6 49. bxa6+ Kxa6 50. Ne2 Kb5 51. Kc3 Ka4 52. Nc1 Nc4 53. Nd3 Ne3 54. Kd2 Nc4+ 55. Kc3 Ka3 56. Nb4 Ne3 0-1

[Event "Bergamo op 11th"]
[Site "Bergamo"]
[Date "2012.07.13"]
[Round "1"]
[White "Ferretti, Folco"]
[Black "Ranfagni, Stefano"]
[Result "1-0"]
[WhiteElo "2283"]
[BlackElo "1994"]
[PlyCount "57"]
[EventDate "2012.07.13"]
[EventType "swiss"]
[EventRounds "6"]
[EventCountry "ITA"]
[SourceTitle "EXT 2014"]
[Source "ChessBase"]
[SourceDate "2013.11.20"]
[SourceVersion "1"]
[SourceVersionDate "2013.11.20"]
[SourceQuality "1"]

1. e4 e5 2. Nf3 Nf6 3. Nc3 Nc6 4. Bb5 Bb4 5. 0-0 d6 6. d3 Bg4 7. Nd5 Nxd5 8. exd5 a6 9. Ba4 b5 10. c3 Ba5 11. dxc6 bxa4 12. Qxa4 Bxf3 13. gxf3 Bb6 14. Qg4 Qf6 15. Be3 Qg6 16. Bxb6 Qxg4+ 17. fxg4 cxb6 18. d4 exd4 19. Rfe1+ Kd8 20. cxd4 d5 21. Re5 Kc7 22. Re7+ Kxc6 23. Rxf7 Rae8 24. Rc1+ Kb5 25. Rd7 Rd8 26. Rxg7 Rhg8 27. Rxg8 Rxg8 28. f3 Rf8 29. Kf2 1-0

[Event "Davos op 9th"]
[Site "Davos"]
[Date "2011.08.12"]
[Round "6"]
[White "Ferretti, Folco"]
[Black "Turner, Matthew"]
[Result "0-1"]
[WhiteElo "2291"]
[BlackElo "2516"]
[PlyCount "70"]
[EventDate "2011.08.07"]
[EventType "swiss"]
[EventRounds "7"]
[EventCountry "SUI"]
[SourceTitle "CBM 144 Extra"]
[Source "ChessBase"]
[SourceDate "2011.10.28"]
[SourceVersion "1"]
[SourceVersionDate "2011.10.28"]
[SourceQuality "1"]

1. Nf3 Nf6 2. c4 g6 3. g3 Bg7 4. Bg2 0-0 5. 0-0 d5 6. d4 dxc4 7. Na3 Nc6 8. Nxc4 Be6 9. b3 a5 10. Bb2 a4 11. Nfe5 Nxe5 12. Nxe5 c6 13. bxa4 Qa5 14. Nd3 Nd7 15. Qc1 Qxa4 16. Nc5 Nxc5 17. dxc5 f6 18. Rd1 Rfd8 19. a3 Kf7 20. Rd2 Rxd2 21. Qxd2 Ra5 22. Qb4 Ra7 23. e3 Bc4 24. Rc1 Bb5 25. Qd2 Ra8 26. h4 Qa5 27. Qxa5 Rxa5 28. Rd1 Ba6 29. Rc1 Bf8 30. Bf1 Bxf1 31. Kxf1 e5 32. Rd1 Ke6 33. Rd3 Rb5 34. Bc1 Rxc5 35. Bd2 Rd5 0-1

[Event "Barcelona Sants op 12th"]
[Site "Barcelona"]
[Date "2009.08.27"]
[Round "7"]
[White "Ferretti, Folco"]
[Black "Alsina Leal, Daniel"]
[Result "1/2-1/2"]
[WhiteElo "2313"]
[BlackElo "2529"]
[PlyCount "117"]
[EventDate "2009.08.21"]
[EventType "swiss"]
[EventRounds "10"]
[EventCountry "ESP"]
[SourceTitle "CBM 131 Extra"]
[Source "ChessBase"]
[SourceDate "2009.09.03"]
[SourceVersion "2"]
[SourceVersionDate "2009.09.16"]
[SourceQuality "1"]

1. Nf3 d5 2. c4 d4 3. e3 Nc6 4. exd4 Nxd4 5. Nxd4 Qxd4 6. Nc3 c6 7. d3 Nh6 8. Be3 Qd8 9. d4 Nf5 10. Be2 g6 11. Qd2 Bg7 12. Rd1 0-0 13. 0-0 Qa5 14. Bf3 Rd8 15. d5 Bd7 16. Bf4 Nd4 17. Be4 f5 18. Bb1 e5 19. Bg5 Re8 20. Be3 f4 21. Bxd4 exd4 22. Ne4 Qxd2 23. Rxd2 cxd5 24. cxd5 b6 25. f3 Rad8 26. Bd3 Bf5 27. Re1 h6 28. Kf2 Kh8 29. Bc4 g5 30. Nd6 Rxe1 31. Nf7+ Kh7 32. Nxd8 Rc1 33. b3 Rc3 34. Ne6 d3 35. Nxg7 Kxg7 36. Ke1 Kf6 37. d6 a6 38. Bxa6 Ke6 39. Rb2 Kxd6 40. Kd2 Rc5 41. b4 Re5 42. Bxd3 Bxd3 43. Kxd3 Kd5 44. Rc2 Re3+ 45. Kd2 Ra3 46. Kc1 Ra4 47. b5 h5 48. Rc6 Rxa2 49. Rxb6 Rxg2 50. Rf6 Rxh2 51. b6 Re2 52. b7 Re8 53. Rf5+ Kd4 54. Rxg5 Rb8 55. Rxh5 Rxb7 56. Kd2 Rb2+ 57. Ke1 Ke3 58. Kf1 Rf2+ 59. Ke1 1/2-1/2

[Event "Barcelona Sants op 12th"]
[Site "Barcelona"]
[Date "2009.08.25"]
[Round "5"]
[White "Ferretti, Folco"]
[Black "Karlsson, Lars"]
[Result "0-1"]
[WhiteElo "2313"]
[BlackElo "2468"]
[PlyCount "76"]
[EventDate "2009.08.21"]
[EventType "swiss"]
[EventRounds "10"]
[EventCountry "ESP"]
[SourceTitle "CBM 131 Extra"]
[Source "ChessBase"]
[SourceDate "2009.09.03"]
[SourceVersion "2"]
[SourceVersionDate "2009.09.16"]
[SourceQuality "1"]

1. e4 g6 2. d4 d6 3. Nc3 Bg7 4. Nge2 Nc6 5. Be3 e5 6. h3 Nf6 7. g3 d5 8. dxe5 Nxe5 9. Bg2 Nc4 10. exd5 Nxe3 11. fxe3 0-0 12. 0-0 Qe7 13. e4 Nd7 14. Qd2 Ne5 15. b3 Qd6 16. Rad1 Bd7 17. Nd4 a6 18. Nce2 b5 19. Kh1 a5 20. Rc1 a4 21. Nf3 Nxf3 22. Rxf3 c5 23. c3 axb3 24. axb3 Ra3 25. Rb1 Be5 26. Nf4 c4 27. bxc4 bxc4 28. Bf1 f5 29. exf5 Rxf5 30. Qf2 Rb3 31. Rxb3 cxb3 32. Bc4 b2 33. Qxb2 g5 34. Qg2 gxf4 35. gxf4+ Bg7 36. Rg3 Rf7 37. Bb3 Bf5 38. c4 Qxf4 0-1

[Event "Bologna"]
[Site "Bologna"]
[Date "2009.04.??"]
[Round "4"]
[White "Corvi, Marco"]
[Black "Ferretti, Folco"]
[Result "1/2-1/2"]
[WhiteElo "2291"]
[BlackElo "2319"]
[PlyCount "21"]
[EventDate "2009.04.??"]
[EventType "tourn"]
[EventRounds "9"]
[EventCountry "ITA"]
[EventCategory "2"]
[SourceTitle "EXT 2010"]
[Source "ChessBase"]
[SourceDate "2010.11.25"]
[SourceVersion "1"]
[SourceVersionDate "2010.11.25"]
[SourceQuality "1"]

1. c4 c5 2. Nc3 Nf6 3. Nf3 e6 4. g3 b6 5. Bg2 Bb7 6. 0-0 Be7 7. d4 cxd4 8. Qxd4 d6 9. Rd1 Nbd7 10. b3 a6 11. Bb2 1/2-1/2

[Event "Bologna"]
[Site "Bologna"]
[Date "2009.04.??"]
[Round "5"]
[White "Ferretti, Folco"]
[Black "Gilevich, Artem"]
[Result "1/2-1/2"]
[WhiteElo "2319"]
[BlackElo "2134"]
[PlyCount "44"]
[EventDate "2009.04.??"]
[EventType "tourn"]
[EventRounds "9"]
[EventCountry "ITA"]
[EventCategory "2"]
[SourceTitle "EXT 2010"]
[Source "ChessBase"]
[SourceDate "2010.11.25"]
[SourceVersion "1"]
[SourceVersionDate "2010.11.25"]
[SourceQuality "1"]

1. Nf3 d5 2. c4 c6 3. g3 Nf6 4. Bg2 g6 5. 0-0 Bg7 6. d4 0-0 7. Nbd2 Be6 8. Ne5 Nfd7 9. cxd5 cxd5 10. Ndf3 Nxe5 11. Nxe5 Nd7 12. Nd3 Bxd4 13. Nf4 Bg7 14. Bxd5 Bxd5 15. Qxd5 b6 16. Be3 e6 17. Qb3 Nc5 18. Qa3 Qf6 19. b4 Ne4 20. Rad1 Qc3 21. Qxc3 Nxc3 22. Rd2 a5 1/2-1/2

[Event "Bologna"]
[Site "Bologna"]
[Date "2009.04.??"]
[Round "7"]
[White "Ferretti, Folco"]
[Black "Vuelban, Virgilio"]
[Result "0-1"]
[WhiteElo "2319"]
[BlackElo "2422"]
[PlyCount "84"]
[EventDate "2009.04.??"]
[EventType "tourn"]
[EventRounds "9"]
[EventCountry "ITA"]
[EventCategory "2"]
[SourceTitle "EXT 2010"]
[Source "ChessBase"]
[SourceDate "2010.11.25"]
[SourceVersion "1"]
[SourceVersionDate "2010.11.25"]
[SourceQuality "1"]

1. Nf3 Nf6 2. c4 g6 3. b4 Bg7 4. Bb2 d6 5. e3 0-0 6. Be2 e5 7. 0-0 Nbd7 8. d3 a5 9. b5 Re8 10. Nbd2 b6 11. Ne1 Bb7 12. Bf3 e4 13. dxe4 Nxe4 14. Bxg7 Kxg7 15. Qc2 Ndc5 16. Nxe4 Bxe4 17. Bxe4 Rxe4 18. Nf3 Qf6 19. Rad1 Rae8 20. Rd4 h6 21. Rxe4 Rxe4 22. Nd4 Qe7 23. Rd1 Kg8 24. h3 Qf6 25. Nb3 Re5 26. Nxc5 Rxc5 27. Rd5 Qa1+ 28. Kh2 Rxd5 29. cxd5 Qe5+ 30. Kg1 Qxd5 31. Qxc7 Qxb5 32. Qxd6 Qb1+ 33. Kh2 Qxa2 34. Qxb6 a4 35. Qd8+ Kh7 36. Qf6 a3 37. h4 h5 38. g4 Qe6 39. Qc3 Qd6+ 40. Kh3 hxg4+ 41. Kxg4 Qd1+ 42. Kg5 a2 0-1

[Event "Bologna"]
[Site "Bologna"]
[Date "2009.04.??"]
[Round "2"]
[White "Tomba, Ivan"]
[Black "Ferretti, Folco"]
[Result "0-1"]
[WhiteElo "2301"]
[BlackElo "2319"]
[PlyCount "106"]
[EventDate "2009.04.??"]
[EventType "tourn"]
[EventRounds "9"]
[EventCountry "ITA"]
[EventCategory "2"]
[SourceTitle "EXT 2010"]
[Source "ChessBase"]
[SourceDate "2010.11.25"]
[SourceVersion "1"]
[SourceVersionDate "2010.11.25"]
[SourceQuality "1"]

1. e4 d6 2. d4 Nf6 3. Nc3 e5 4. Nf3 Nbd7 5. Bc4 Be7 6. 0-0 0-0 7. Re1 c6 8. a4 b6 9. h3 a6 10. Ba2 Rb8 11. Be3 b5 12. axb5 axb5 13. b4 Qc7 14. Qd3 Nb6 15. d5 Bd7 16. Bb3 cxd5 17. exd5 Rfc8 18. Ra6 Qxc3 19. Qxc3 Rxc3 20. Rxb6 Rxb6 21. Bxb6 Bf5 22. Nxe5 Bf8 23. Nc6 Bxc2 24. Bxc2 Rxc2 25. Rd1 Rc4 26. Ba5 Ne4 27. Nd4 Nc3 28. Rd3 Rxd4 29. Rxc3 g6 30. Rc8 Rd1+ 31. Kh2 Rxd5 32. Rb8 Kg7 33. Bd8 g5 34. g4 f5 35. Bxg5 fxg4 36. h4 Rf5 37. Kg3 h5 38. Bf4 Be7 39. Rb7 Kf8 40. f3 Bxh4+ 41. Kxh4 Rxf4 42. fxg4 Rxg4+ 43. Kxh5 Rxb4 44. Kg5 Ke8 45. Kf6 Kd8 46. Ke6 Kc8 47. Rb6 Kc7 48. Rxd6 Rb1 49. Rd2 Kc6 50. Rc2+ Kb6 51. Kd5 Rd1+ 52. Ke4 b4 53. Ke3 Kb5 0-1